[Event "GER-chT U10"]
[Site "Magdeburg"]
[Date "2015.12.27"]
[Round "2.4"]
[White "Irrgang, Natascha"]
[Black "Posselt, Marcus"]
[Result "1-0"]
[WhiteElo "756"]
[BlackElo "890"]
[PlyCount "69"]
[EventDate "2015.12.27"]
[EventType "team-swiss"]
[EventRounds "7"]
[EventCountry "GER"]
[SourceTitle "EXT 2017"]
[Source "ChessBase"]
[SourceDate "2016.10.25"]
[SourceVersion "1"]
[SourceVersionDate "2016.10.25"]
[SourceQuality "1"]
[WhiteTeam "Hannover"]
[BlackTeam "Dresden TU II"]
[WhiteTeamCountry "GER"]
[BlackTeamCountry "GER"]

1. e4 e5 2. d4 d6 3. d5 Be7 4. Nf3 Nf6 5. Nc3 c6 6. Bc4 cxd5 7. Bxd5 Nc6 8. Nd2 0-0 9. Qf3 Bg4 10. Qg3 Qc8 11. Nb3 Nxd5 12. exd5 Nd4 13. Ne4 Nxb3 14. cxb3 Qc2 15. Qxg4 Qc7 16. Bh6 Qa5+ 17. Nc3 Bf6 18. 0-0 Rfe8 19. Rfe1 g6 20. Re3 Bg7 21. Bxg7 Kxg7 22. Rf3 Rf8 23. Rh3 Qc5 24. Qh4 Rh8 25. Qh6+ Kg8 26. Rf3 Qb6 27. Qg5 Qd8 28. Qh6 Rc8 29. Nb5 a6 30. Nc3 Rc7 31. h3 b5 32. b4 Rc4 33. a3 Rd4 34. Qe3 Qc8 35. Qg5 1-0